Návrh na zlepšenie personálneho kontrolingu v podniku KMV BEV SK s. r. o.

Enregistré dans:
Détails bibliographiques
Auteur principal: Krajňáková, Patrícia (Auteur)
Autres auteurs: Vraňaková, Natália (Directeur de thèse)
Format: Manuscrit Livre
Langue:slovaque
Publié: 2025
Sujets:
Accès en ligne:http://is.stuba.sk/zp/portal_zp.pl?podrobnosti=183837
Tags: Ajouter un tag
Pas de tags, Soyez le premier à ajouter un tag!

MARC

LEADER 00000ntm a22000003a 4500
001 stuzp103781
003 SK-STU
005 20250614212227.9
007 ta
008 150427s2015----xo-----f-mn---000-0-slo-d
040 |a STU  |b slo 
041 0 |a slo 
100 1 |a Krajňáková, Patrícia  |u 064000  |4 aut  |U MTF Materiálovotechnologická fakulta  |T MTF Ústav priemyselného inžinierstva a manažmentu  |X 112455  |U M4000  |Y 84  |7 112455 
242 0 1 |a Proposal for improving personnel controlling in the company KMV BEV SK s. r. o.  |y eng 
245 1 0 |a Návrh na zlepšenie personálneho kontrolingu v podniku KMV BEV SK s. r. o. 
260 |c 2025 
650 4 |a human resource management  |2 eng 
650 4 |a employees  |2 eng 
650 4 |a controlling  |2 eng 
650 4 |a personalistika  |2 slo 
650 4 |a kontroling  |2 slo 
650 4 |a personálny kontroling  |2 slo 
700 1 |a Vraňaková, Natália  |u 064000  |k Z1  |4 ths  |U MTF Materiálovotechnologická fakulta  |T MTF Ústav priemyselného inžinierstva a manažmentu  |X 61908  |U M4000  |Y 84  |7 A000061908 
856 4 |u http://is.stuba.sk/zp/portal_zp.pl?podrobnosti=183837 
996 |c M* DP-15584  |l MMSKP  |s P  |a 0  |w stuzp103781_0001